Black's law dictionary / (Record no. 1646)

MARC details
000 -LEADER
fixed length control field 01093cam a2200349 a 4500
001 - CONTROL NUMBER
control field 13696819
003 - CONTROL NUMBER IDENTIFIER
control field OSt
005 - DATE AND TIME OF LATEST TRANSACTION
control field 20230620112923.0
008 - FIXED-LENGTH DATA ELEMENTS--GENERAL INFORMATION
fixed length control field 040618s2004 mnu bd 000 0 eng d
010 ## - LIBRARY OF CONGRESS CONTROL NUMBER
LC control number 2004616324
020 ## - INTERNATIONAL STANDARD BOOK NUMBER
International Standard Book Number 0314151990 (alk. paper)
020 ## - INTERNATIONAL STANDARD BOOK NUMBER
International Standard Book Number 0314152342 (deluxe : alk. paper)
035 ## - SYSTEM CONTROL NUMBER
System control number (OCoLC)ocm55677958
040 ## - CATALOGING SOURCE
Original cataloging agency IBM
Transcribing agency IBM
Modifying agency ZWT
-- DLC
042 ## - AUTHENTICATION CODE
Authentication code lccopycat
043 ## - GEOGRAPHIC AREA CODE
Geographic area code n-us---
050 00 - LIBRARY OF CONGRESS CALL NUMBER
Classification number KF156
Item number .B53 2004
082 ## - DEWEY DECIMAL CLASSIFICATION NUMBER
Classification number 340.03
Item number GAR
245 00 - TITLE STATEMENT
Title Black's law dictionary /
Statement of responsibility, etc. Bryan A. Garner, editor in chief.
246 30 - VARYING FORM OF TITLE
Title proper/short title Law dictionary
250 ## - EDITION STATEMENT
Edition statement 8th ed.
260 ## - PUBLICATION, DISTRIBUTION, ETC. (IMPRINT)
Place of publication, distribution, etc. St. Paul, MN :
Name of publisher, distributor, etc. Thomson/West,
Date of publication, distribution, etc. c2004.
300 ## - PHYSICAL DESCRIPTION
Extent xxv, 1810 p. ;
Dimensions 26 cm.
504 ## - BIBLIOGRAPHY, ETC. NOTE
Bibliography, etc Includes bibliographical references (p. 1797-1810).
650 #0 - SUBJECT ADDED ENTRY--TOPICAL TERM
Topical term or geographic name as entry element Law
Geographic subdivision United States
Form subdivision Dictionaries.
650 #0 - SUBJECT ADDED ENTRY--TOPICAL TERM
Topical term or geographic name as entry element Law
Form subdivision Dictionaries.
700 1# - ADDED ENTRY--PERSONAL NAME
Personal name Garner, Bryan A.
700 1# - ADDED ENTRY--PERSONAL NAME
Personal name Black, Henry Campbell,
Dates associated with a name 1860-1927.
Title of a work Law dictionary.
906 ## - LOCAL DATA ELEMENT F, LDF (RLIN)
a 7
b cbc
c copycat
d 2
e ncip
f 20
g y-gencatlg
942 ## - ADDED ENTRY ELEMENTS (KOHA)
Source of classification or shelving scheme Dewey Decimal Classification
Koha item type Books
Holdings
Withdrawn status Lost status Source of classification or shelving scheme Damaged status Not for loan Collection code Home library Current library Shelving location Date acquired Total Checkouts Full call number Barcode Date last seen Price effective from Koha item type
    Dewey Decimal Classification     Reference Bunge Tower Library Bunge Tower Library Reference 06/20/2023   340.03 GAR 10014533 06/20/2023 06/20/2023 Books
LIBRARY OPENING HOURS

When the Parliament is sitting: 8.00a.m - 7.00p.m or until the house adjourns
Mondays and Fridays and when the House is on Recess:  8.00a.m - 5.00p.m
Closed on Weekends and Public Holidays

Online Public Access Catalog (OPAC)
Website: http://www.parliament.go.ke
Bunge Library: https://libraryir.parliament.go.ke
Contact: library@parliament.go.ke | Tel no: (254-2)2221291 or 2848000 Ext 5043